| 000 -LEADER | |
|---|---|
| fixed length control field | 00440nam a22001457a 4500 |
| 020 ## - INTERNATIONAL STANDARD BOOK NUMBER | |
| ISBN | 0802823386 |
| 050 ## - LIBRARY OF CONGRESS CALL NUMBER | |
| Classification number | REF BS 440 the |
| 100 ## - MAIN ENTRY--AUTHOR NAME | |
| Personal name | Gerhard Johannes Botterweck ..... editor |
| 245 ## - TITLE STATEMENT | |
| Title | Theological dictionary of the Old Testament |
| 260 ## - PUBLICATION, DISTRIBUTION, ETC. (IMPRINT) | |
| Place of publication | Grand Rapids (Mich.) |
| Name of publisher | W.B. Eerdmans |
| Year of publication | 1975 |
| 300 ## - PHYSICAL DESCRIPTION | |
| Number of Pages | 488p. |
| 490 ## - SERIES STATEMENT | |
| Series statement | Bible O T - Dictionaries-Hebrew |
| 700 ## - ADDED ENTRY--PERSONAL NAME | |
| Personal name | Helmer Ringgren; John Thomas Willis ... editors |
| 942 ## - ADDED ENTRY ELEMENTS (KOHA) | |
| Koha item type | Books |
| Koha item type | Collection code | Shelving location | Accession Number | Permanent Location | Current Location | Date acquired | Full call number |
|---|---|---|---|---|---|---|---|
| Books | Reference | Reference | 4881 | Chapman Library | Chapman Library | 2017-02-25 | REF BS 440 the |
| Books | Reference | Reference | 4882 | Chapman Library | Chapman Library | 2017-02-25 | REF BS 440 the |
| Books | Reference | Reference | 4883 | Chapman Library | Chapman Library | 2017-02-25 | REF BS 440 the |
| Books | Reference | Reference | 4884 | Chapman Library | Chapman Library | 2017-02-25 | REF BS 440 the |
| Books | Reference | Reference | 4885 | Chapman Library | Chapman Library | 2017-02-25 | REF BS 440 the |
| Books | Reference | Reference | 4886 | Chapman Library | Chapman Library | 2017-02-25 | REF BS 440 the |
| Books | Reference | Reference | 4887 | Chapman Library | Chapman Library | 2017-02-25 | REF BS 440 the |
| Books | Reference | Reference | 4888 | Chapman Library | Chapman Library | 2017-02-25 | REF BS 440 the |
| Books | Reference | Reference | 4889 | Chapman Library | Chapman Library | 2017-02-25 | REF BS 440 the |
| Books | Reference | Reference | 4890 | Chapman Library | Chapman Library | 2017-02-25 | REF BS 440 the |

